Zavedenie projektového manažmentu do štruktúry firmy diplomová práca

Na minha lista:
Detalhes bibliográficos
Autor principal: Gúčiková, Klaudia
Autor Corporativo: Fakulta podnikového manažmentu EU. Katedra manažmentu
Outros Autores: Jankelová, Nadežda, 1966-
Formato: Livro
Idioma:eslovaco
Publicado em: Bratislava 2024
Tags: Adicionar Tag
Sem tags, seja o primeiro a adicionar uma tag!

MARC

LEADER 00000nbm a2200000 4500
001 0300973
005 20250211101553.9
041 0 |a slo 
044 |a SK 
245 1 0 |a Zavedenie projektového manažmentu do štruktúry firmy  |b diplomová práca  |c Klaudia Gúčiková ; školiteľ: Nadežda Jankelová 
264 1 |a Bratislava  |c 2024 
300 |a 82 s. 
100 1 |a Gúčiková, Klaudia 
700 1 |a Jankelová, Nadežda, 1966- 
710 2 |a Fakulta podnikového manažmentu EU. Katedra manažmentu